000 00862nam a2200253 a 4500
001 43850
003 BD-RjUL
005 20211209053749.0
008 160628m19661958enk b 001 0 eng
035 _a(BD-RjUL)43968
040 _aDLC
_cDLC
_dDLC
_dBD-RjUL
_beng
041 _aeng
082 0 0 _a344.4207
_223
_bBAT 1966
100 1 _aBarrell, G. R.
_q(Geoffrey Richard)
_9134761
245 1 0 _aTeachers and the law /
_cby G. R. Barrell; with a foreword by the Honourable Mr. Justice Vaisey.
250 _a3rd ed. (revised)
260 _aLondon :
_bMethuen & co,
_cc1966
300 _a279 p. ;
_c21 cm.
504 _aIncludes bibliography:( p. 253-261) and index
650 0 _aTeachers
_xLegal status, laws, etc.
_zGreat Britain.
_9134762
650 0 _aEducational law and legislation
_zGreat Britain.
_9134763
942 _2ddc
_cBK
999 _c43850
_d43850